Central Library OPAC University of Rajshahi

Biological effects of external radiation / (Record no. 11736)

MARC details
000 -LEADER
fixed length control field 00936cam a22002891 4500
001 - CONTROL NUMBER
control field 11736
003 - CONTROL NUMBER IDENTIFIER
rucl marc code BD-RjUL
005 - DATE AND TIME OF LATEST TRANSACTION
control field 20211208235156.0
008 - FIXED-LENGTH DATA ELEMENTS--GENERAL INFORMATION
fixed length control field 140127s1954 xx 001 0 eng d
035 ## - SYSTEM CONTROL NUMBER
System control number (BD-RjUL)11785
System control number (OCoLC)643145
040 ## - CATALOGING SOURCE
Original cataloging agency DLC
Transcribing agency DNLM
Modifying agency OClW-H
-- OCoLC
-- DLC
-- (BD-RjUL)
Language of cataloging eng
041 ## - LANGUAGE CODE
Language code of text/sound track or separate title eng
060 00 - NATIONAL LIBRARY OF MEDICINE CALL NUMBER
Classification number WN 610
Item number B635b 1954
082 00 - DEWEY DECIMAL CLASSIFICATION NUMBER
Classification number 612.014482
Author mark and year BLB
100 1# - MAIN ENTRY--PERSONAL NAME
Personal name Blair, Henry A.
9 (RLIN) 36325
245 10 - TITLE STATEMENT
Title Biological effects of external radiation /
Statement of responsibility, etc. By Henry A, Blair,
250 ## - EDITION STATEMENT
Edition statement 1st ed.
260 ## - PUBLICATION, DISTRIBUTION, ETC. (IMPRINT)
Place of publication, distribution, etc. New York :
Name of publisher, distributor, etc. McGraw-Hill,
Date of publication, distribution, etc. c1954.
300 ## - PHYSICAL DESCRIPTION
Pagination xvii, 508 p. :
Illustrations ill. ;
Size 24cm.
504 ## - BIBLIOGRAPHY, ETC. NOTE
Bibliography, etc Includes Index
650 #0 - SUBJECT ADDED ENTRY--TOPICAL TERM
Topical term or geographic name as entry element Radiation
General subdivision Physiological effect.
9 (RLIN) 27214
942 ## - ADDED ENTRY ELEMENTS (KOHA)
Source of classification or shelving scheme Dewey Decimal Classification
Koha item type Books
Holdings
Lost status Source of classification or shelving scheme Damaged status Not for loan Collection code Permanent Location Current Location Shelving location Date acquired Source of acquisition Cost, normal purchase price Total Checkouts Full call number Date last seen Copy number Koha item type
  Dewey Decimal Classification   Not For Loan Non-fiction Central Library, University of Rajshahi Central Library, University of Rajshahi Reading Room 02/09/1957 Publisher United ltd. 45.80   612.014482 BLB 1954 27/01/2014 C-1 Books